000 00332nam a22001217a 4500
008 160419b xxu||||| |||| 00| 0 eng d
020 _a9780323024815
020 _a0323024815
041 _aeng
080 _a618.2
245 _aPriorities in Critical Care Nursing:
_cLinda D.Urden; Kathleen M. Stacy';Mary E. Lough;
942 _2udc
_cBK
999 _c1441
_d1441